| 000 | 00469nam a22001097a 4500 | ||
|---|---|---|---|
| 008 | 150617b xxu||||| |||| 00| 0 eng d | ||
| 010 | _8HCCRSF:004 | ||
| 245 | _aHIGH COURT CRIMINAL SESSION No.205 of 1969 Uganda Vs Elikana Otieno | ||
| 260 | _aHigh Court Kampala | ||
| 500 | _3(Original Criminal case No.A.120 of !968 in the Chief Magistrate's Court Of Mengo at Kampala Before - His Worship G.K.Kawoya Esq., Mag. Grd.1) | ||
| 500 | _3Before: The Hon. Mr. Justice D.J Jones | ||
| 999 |
_c6294 _d6294 |
||